01244 2200421 4500001002100000005001500021035002000036007000300056040001700059100004200076245010800118250001100226300003000237020002200267041000800289082001400297084001400311090001900325264003000344336002100374337003000395338002300425650001000448700004300458700004700501850001000548008004100558990002200599990002200621990002200643990002200665990002500687990002200712990002200734990002200756990002200778990002200800INLIS00000000000977420260413023516 a0010-0123000101ta aSBPUPADbind0 aSyaikh Al-Allamah MuhammadePengarang1 aFiqih Empat Mazhab /cSyaikh Al-Allamah.; Penyunting.; Irwan Kurniawan; Penerjemah, Abdullah Zaki Alkaf aCet.18 a510 hlm :bilus. ;c21 cm a978-602-97157-3-6 aind a297 SYA f a297 SYA f a297 SYA f 2-21 aBandung :bHasyimi,c2012 2rdacontentaTeks 2rdamediaatanpa perantara 2rdacarrieravolume 4aAgama aPenyunting, Irwan KurniawanePengarang aPenerjemah, Abdullah Zaki AlkafePengarang aPUPAD260413 0  a32.602/S/DPK/2019 a32.599/S/DPK/2019 a32.598/S/DPK/2019 a32.601/S/DPK/2019 a32.600/APBD/DPK/2019 a32.604/S/DPK/2019 a32.605/S/DPK/2019 a32.606/S/DPK/2019 a32.603/S/DPK/2019 a32.607/S/DPK/2019